000 00714nam a22002057a 4500
005 20251108164307.0
008 250721s1987 xx 000 0 ara d
082 1 4 _a355.028/يوس
100 1 _aكعوش، يوسف
245 1 0 _aالدروس المستفادة من الحروب العربية الإسرائيلية 1947 - 1986 /
264 1 _aعمان :
_bالمؤلف،
_c1987.
300 _a85ص
650 1 7 _aالحرب
650 1 7 _aالحرب العربية الإسرائيلية 1973
650 1 7 _aالحرب العربية الإسرائيلية 1948
650 1 7 _aالحرب العربية الإسرائيلية 1973
650 1 7 _aغزو لبنان 1982
942 _2ddc
_cBK
999 _c8581
_d8581